LEADER 01291nam a2200301 i 4500 001 000000039473 003 CaOOAMICUS 005 20220118092223.0 008 030314s1982 it u000 u ita u 013 $a10208 040 $aSeMil$bita 100 1 $aStudio Biblico Teologico Aquilano.$0(OLS)http://semarc/name/4422 245 13$aIl cosmo nella Bibbia /$cStudio Biblico Teologico Aquilano ; a cura di Giuseppe De Gennaro ; [contributi di] L. Alonso Schökel ... [et al.]. 260 $aNapoli :$bDehoniane,$ccopyr. 1982. 300 $a718 p., [2] c. di tav. ;$c23 cm. 490 0 $aStudi biblici ;$v4 500 $aFondo Card. C.M. Martini. 650 4$aBibbia - Cosmologia.$0(OLS)http://semarc/subject/8171 700 1 $aDe Gennaro, Giuseppe,$c.$0(OLS)http://semarc/name/17032 700 1 $aAlonso Schökel, Luis,$c.$0(OLS)http://semarc/name/1443 830 0$aStudi biblici ;$v4.$0(OLS)http://semarc/title/438662 850 $aSeMil 852 $aSeMil$W1$xVenegono$y1$m2W III 175$j5628$B5628$CSeMilBibl$Z2$F5628 $81 941 1 $a4 961 $aOmaggio: Martini Card. Carlo Maria 996 $6245$aIl cosmo nella Bibbia$9(OLS)http://semarc/title/56236 996 $6260$aNapoli :$bDehoniane$9(OLS)http://semarc/publisher/29785 LEADER 00872nam a2200229 i 4500 001 000000068170 003 CaOOAMICUS 005 20100622000000.0 008 100622s1946 it u000 u ita u 013 $a39342 040 $aSeMil$bita 100 1 $aCroce, Benedetto,$d<1866-1952>.$0(OLS)http://semarc/name/618 245 10$aAesthetica in nuce /$cBenedetto Croce. 260 $aBari :$bLaterza,$c1946. 300 $a55 p. ;$c20 cm. 490 0 $aPiccola biblioteca filosofica Laterza 650 4$aEstetica.$0(OLS)http://semarc/subject/618 830 0$aPiccola biblioteca filosofica Laterza.$0(OLS)http://semarc/title/18486 850 $aSeMil 852 $aSeMil$W1$xVenegono$y1$m2O II 231$j34323$B34323$CSeMilBibl$Z2$F34326 $81 996 $6245$aAesthetica in nuce$9(OLS)http://semarc/title/108777 996 $6260$aBari :$bLaterza$9(OLS)http://semarc/publisher/29858